| 000 | 01177cab a2200277 4500 | ||
|---|---|---|---|
| 001 | ABS46188 | ||
| 008 | 090401t1992 xxu||||| |||| 00| 0 eng d | ||
| 035 | _a(Sirsi) u57100 | ||
| 041 | _aeng | ||
| 100 | _aPowell-Smith, V. | ||
| 245 | 4 | _aThe last word on the JCT assignment clause | |
| 260 | _c1992 | ||
| 350 | _a0 | ||
| 490 |
_aContract Journal _v363(5868) 9 April 1992, 8-9(2) |
||
| 520 | _aDeals with the twin cases "Linden Gardens Trust Ltd v Lenesta Sludge Disposals Ltd"; "St Martins Property Corporation Ltd v Sir Robert McAlpine", which held that the prohibition on assignment does not prevent the assignment of accrued claims to a third party but does prevent the assignment of the benefit of the contract. | ||
| 650 | _aASSIGNMENT | ||
| 650 | _aBENEFIT OF CONTRACT | ||
| 650 | _aBUILT ENVIRONMENT-BUILDING CONTRACT FORMS | ||
| 650 | _aCONTRACT CLAIMS | ||
| 650 | _aJCT 1963 CLAUSE 17 | ||
| 650 | _aBUILT ENVIRONMENT-BUILDING CONTRACT FORMS-STANDARD FORMS OF BUILDING CONTRACT-JOINT CONTRACTS TRIBNUAL CONTRACTS | ||
| 650 | _aPROHIBITION ON ASSIGNMENT | ||
| 690 | _aBUILT ENVIRONMENT-BUILDING CONTRACT FORMS | ||
| 942 | _n0 | ||
| 948 | _c04/03/1997 | ||
| 999 |
_c34802 _d34802 |
||